Blood / (Record no. 172463)

MARC details
000 -LEADER
fixed length control field 01010cam a22003018i 4500
001 - CONTROL NUMBER
control field 22540381
003 - CONTROL NUMBER IDENTIFIER
control field OSt
005 - DATE AND TIME OF LATEST TRANSACTION
control field 20251013112407.0
008 - FIXED-LENGTH DATA ELEMENTS--GENERAL INFORMATION
fixed length control field 220430s2022 enk b 001 0 eng
020 ## - INTERNATIONAL STANDARD BOOK NUMBER
International Standard Book Number 9781009205498 (Paperback)
Qualifying information USD 18.00
040 ## - CATALOGING SOURCE
Original cataloging agency LBSOR/DLC
Language of cataloging eng
Description conventions rda
Transcribing agency DLC
Modifying agency NUST
050 00 - LIBRARY OF CONGRESS CALL NUMBER
Classification number QP91 BLO
245 00 - TITLE STATEMENT
Title Blood /
Statement of responsibility, etc. edited by Iosifina Foskolou and Martin Jones.
260 ## - PUBLICATION, DISTRIBUTION, ETC.
Place of publication, distribution, etc. Cambridge, United Kingdom :
Name of publisher, distributor, etc. Cambridge University Press,
Date of publication, distribution, etc. ©2022.
300 ## - PHYSICAL DESCRIPTION
Extent xiii, 190 pages :
Other physical details Illustrations ;
Dimensions 25 cm.
336 ## - CONTENT TYPE
Content type term text
Content type code txt
Source rdacontent
337 ## - MEDIA TYPE
Media type term unmediated
Media type code n
Source rdamedia
338 ## - CARRIER TYPE
Carrier type term volume
Carrier type code nc
Source rdacarrier
504 ## - BIBLIOGRAPHY, ETC. NOTE
Bibliography, etc. note Includes bibliographical references and index.
650 #0 - SUBJECT ADDED ENTRY--TOPICAL TERM
Topical term or geographic name entry element Blood.
650 #0 - SUBJECT ADDED ENTRY--TOPICAL TERM
Topical term or geographic name entry element Blood in literature.
650 #0 - SUBJECT ADDED ENTRY--TOPICAL TERM
Topical term or geographic name entry element Blood in art.
650 #0 - SUBJECT ADDED ENTRY--TOPICAL TERM
Topical term or geographic name entry element Blood
General subdivision Social aspects.
650 #7 - SUBJECT ADDED ENTRY--TOPICAL TERM
Topical term or geographic name entry element SCIENCE / General
Source of heading or term bisacsh
700 1# - ADDED ENTRY--PERSONAL NAME
Personal name Foskolou, Iosifina
Relator term Editor
700 1# - ADDED ENTRY--PERSONAL NAME
Personal name Jones, Martin
Relator term Editor
942 ## - ADDED ENTRY ELEMENTS (KOHA)
Source of classification or shelving scheme Library of Congress Classification
Koha item type Ordinary Loan Books
Classification part QP91 BLO
Call number prefix QP
Call number suffix BLO
Suppress in OPAC No
Holdings
Withdrawn status Lost status Source of classification or shelving scheme Damaged status Not for loan Collection Home library Current library Shelving location Date acquired Source of acquisition Cost, normal purchase price Total Checkouts Full call number Barcode Date last seen Accession number Cost, replacement price Price effective from Koha item type Public note
    LCC     NFIC MAIN MAIN GEN 10/13/2025 Book Aid International 18.00   QP91 BLO 92004055702 10/13/2025 61777 18.00 10/13/2025 BOOKS Donation